Statistics for USA Gymnastic Teams (1970-2021)

Click here to take the quiz!

General Stats

  • This quiz has been taken 771 times
    (141 since last reset)
  • The average score is 35 of 78

Answer Stats

YearGymnast% Correct
2021
(Team)
Simone Biles
99%
2016Simone Biles
99%
2012Aly Raisman
89%
2016Aly Raisman
89%
2012Gabrielle Douglas
89%
2016Gabrielle Douglas
89%
2008Shawn Johnson
88%
Sunisa Lee
87%
2016Laurie Hernandez
85%
2012McKayla Maroney
83%
MyKayla Skinner
83%
2008Nastia Liukin
82%
Jordan Chiles
80%
2016Madison Kocian
80%
Grace McCallum
76%
2021
(individuals)
Jade Carey
76%
2012Jordyn Wieber
75%
2012Kyla Ross
75%
1984Mary Lou Retton
73%
1980 (US Boycotted)Kathy Johnson
72%
1984Kathy Johnson
72%
1988Brandy Johnson
71%
2004Carly Patterson
70%
2000Dominique Dawes
68%
1992Dominique Dawes
68%
1996Dominique Dawes
68%
1992Kerri Strug
68%
1996Kerri Strug
68%
1996Dominique Moceanu
65%
1996Shannon Miller
65%
1992Shannon Miller
65%
2008Alicia Sacramone
62%
2008Chellsie Memmel
59%
2000Amy Chow
54%
1996Amy Chow
54%
2008Bridget Sloan
54%
1996Amanda Borden
49%
2008Samantha Peszek
48%
1996Jaycie Phelps
43%
1992Kim Zmeskal
41%
2004Courtney Kupets
38%
2004Annia Hatch
33%
2000Kristin Maloney
33%
2004Mohini Bhardwaj
33%
2004Courtney McCool
32%
2000Elise Ray
31%
2004Terin Humphrey
31%
1992Betty Okino
30%
1988Phoebe Mills
29%
1972Cathy Rigby
25%
1980 (US Boycotted)Julianne McNamara
25%
1984Julianne McNamara
25%
2000Tasha Schwikert
24%
2000Jamie Dantzscher
23%
1992Wendy Bruce
22%
1988Kelly Garrison
17%
1984Pam Bileck
16%
1980 (US Boycotted)Tracee Talavera
16%
1984Tracee Talavera
16%
1988Chelle Stack
11%
1988Hope Spivey
11%
1980 (US Boycotted)Marcia Frederick
11%
1988Melissa Marlowe
11%
1984Michelle Dusserre
11%
1972Joan Moore
8%
1976Kim Chace
8%
1972Kim Chace
8%
1980 (US Boycotted)Beth Kline
6%
1976Kathy Howard
6%
1976Kolleen Casey
4%
1976Leslie Wolfsberger
4%
1972Linda Metheny
4%
1980 (US Boycotted)Luci Collins
3%
1972Nancy Thies
3%
1980 (US Boycotted)Amy Koopman
2%
1976Carrie Lynne Englert
2%
1972Roxanne Pierce
2%
1976Debra Ann Wilcox
1%

Score Distribution

Percentile by Number Answered

Percent of People with Each Score

Your Score History

You have not taken this quiz since the last reset